Famous Donalds - Statistics

General Stats
  • This quiz has been taken 54 times
  • The average score is 7 of 20
Answer Stats
Hint Answer % Correct
Former real estate tycoon and reality TV star who was elected as US President for two non-consecutive terms Donald Trump
98%
Canadian actor who starred as Vernon L. Pinkley in The Dirty Dozen and President Cornelius Snow in the Hunger Games films Donald Sutherland
58%
American singer-songwriter whose hits include "Vincent" and "American Pie" Don McLean
57%
Singer who hosted an eponymous variety show with his sister Marie Donny Osmond
51%
Controversial boxing promoter who notably promoted "The Rumble in the Jungle" and "The Thriller in Manila" Don King
47%
Although less famous than his brother Mark, this musician and actor has had an accomplished on-screen career in such dramas as Blue Bloods and Band of Brothers Donnie Wahlberg
47%
Actor who starred as James "Sonny" Crockett in Miami Vice Don Johnson
45%
Actor and musician who performs under the stage name Childish Gambino Donald Glover
43%
Neoconservative American politician who served as Secretary of Defense under George W. Bush Donald Rumsfeld
40%
American singer and co-lead vocalist of Eagles Don Henley
38%
This actor was nominated for the Academy Award for Best Supporting Actor for his portrayal of Paul Rusesabagina in Hotel Rwanda Don Cheadle
25%
Australian cricketer who was widely recognised as one of the greatest batsmen of all time Donald Bradman
23%
Former head of the European Commission who currently serves as Prime Minister of Poland Donald Tusk
23%
English actor who starred as Blythe in The Great Escape and Blofeld in the the Bond movie You Only Live Twice Donald Pleasance
21%
Former CNN anchor who was fired from the network for misogyny in 2023 Don Lemon
21%
Lead singer and keyboardist of Steely Dan Donald Fagen
15%
Labour politician who served as the inaugural First Minister of Scotland Donald Dewar
8%
Television producer best known for creating Magnum, P.I., JAG, Quantum Leap and NCIS Donald P. Bellisario
8%
Longest-serving presenter of the variety show Soul Train Don Cornelius
8%
Politician who served as Chief of Staff under Ronald Reagan Donald Regan
6%
No matching quizzes found
Score Distribution
Percent of People with Each Score
Percentile by Number Answered
Your Score History
You have not taken this quiz